Études stratigraphiques sur le département de la Haute-Marne / (Record no. 98676)

MARC details
000 -LEADER
campo de control de longitud fija 01081nam a2200217 i 4500
001 - NÚMERO DE CONTROL
campo de control 98676
003 - IDENTIFICADOR DE NÚMERO DE CONTROL
campo de control ES-MaACL
005 - FECHA Y HORA DE LA ÚLTIMA TRANSACCIÓN
campo de control 20250815110945.0
007 - CAMPO FIJO DE DESCRIPCIÓN FÍSICA--INFORMACIÓN GENERAL
campo de control de longitud fija t|
008 - DATOS DE LONGITUD FIJA--INFORMACIÓN GENERAL
campo de control de longitud fija 950920s1862 fr |||| | fre d
100 1# - ENTRADA PRINCIPAL--NOMBRE DE PERSONA
Nombre de persona Élie de Beaumont, Léonce,
Fechas asociadas al nombre 1798-1874
9 (RLIN) 46988
245 10 - MENCIÓN DEL TÍTULO
Título Études stratigraphiques sur le département de la Haute-Marne /
Mención de responsabilidad, etc. faites par MM. Élie de Beaumont et De Chancourtois ; pendant la publication de la Carte géologique de M. Duhamel.
260 ## - PUBLICACIÓN, DISTRIBUCIÓN, ETC.
Lugar de publicación, distribución, etc. Paris :
Nombre del editor, distribuidor, etc. Mallet-Bachelier, Imp.-Lib.,
Fecha de publicación, distribución, etc. 1862.
300 ## - DESCRIPCIÓN FÍSICA
Extensión 84 p. ;
Dimensiones 27 cm.
650 #4 - PUNTO DE ACCESO ADICIONAL DE MATERIA--TÉRMINO DE MATERIA
Término de materia o nombre geográfico como elemento de entrada Estratigrafía-
Subdivisión geográfica Francia.
9 (RLIN) 167450
650 #7 - PUNTO DE ACCESO ADICIONAL DE MATERIA--TÉRMINO DE MATERIA
Término de materia o nombre geográfico como elemento de entrada Geología-
Subdivisión geográfica Francia
Fuente del encabezamiento o término
9 (RLIN) 157288
700 1# - ENTRADA AGREGADA--NOMBRE PERSONAL
Nombre de persona Beguyer de Chancourtois, Alexandre-Emile.
9 (RLIN) 27043
852 ## - LOCALIZACIÓN
Ubicación ES-MaACL
Número de control de estantería T-897-F-4
Nota libre .- Legado Federico de Botella y Hornos
-- - Enc. en un vol. facticio, conservando cub. original
852 ## - LOCALIZACIÓN
Ubicación ES-MaACL
Número de control de estantería L-32451(6)
Nota libre - Enc. cart.
-- . - Legado Federico de Botella y de Hornos
-- - Enc. en un vol. facticio, con tít. en el lomo de: Rapport sur les progrés de la stratigraphie
Holdings
Estatus retirado Estado de pérdida Estado de daño No para préstamo Colección Biblioteca de origen Biblioteca actual Ubicación en estantería Fecha de adquisición Fuente de adquisición Total de préstamos Signatura topográfica completa Código de barras Visto por última vez Precio de reemplazo Tipo de ítem Koha
        Libros del s. XIX Biblioteca del Ateneo de Madrid Biblioteca del Ateneo de Madrid Depósito 2 03/07/2019     L-32451(6) 1200980 23/02/2023 23/02/2023 Libro impreso antiguo
        Colección de folletos Biblioteca del Ateneo de Madrid Biblioteca del Ateneo de Madrid Depósito folletos 17/01/2008     T-897-F-4 1103015 23/02/2023 23/02/2023 Folleto